North's economy worse than Chile's (Record no. 63145)

MARC details
000 -LEADER
fixed length control field 00735cam a2200205 4500
001 - CONTROL NUMBER
control field WB3615-09
008 - FIXED-LENGTH DATA ELEMENTS--GENERAL INFORMATION
fixed length control field 000000n2000 000 0 eng u
035 ## - SYSTEM CONTROL NUMBER
System control number (Sirsi) u105320
245 ## - TITLE STATEMENT
Title North's economy worse than Chile's
260 ## - PUBLICATION, DISTRIBUTION, ETC.
Date of publication, distribution, etc. 2000
490 ## - SERIES STATEMENT
Series statement Independent
Volume/sequential designation 11 April 2000, 6;
490 ## - SERIES STATEMENT
Series statement Independent
Volume/sequential designation 11 April 2000, 18(2)
520 ## - SUMMARY, ETC.
Summary, etc. Two articles discuss the government-sponsered Cardiff University study "An index of competitiveness in the UK" which claims to conclusively prove the scale of the North-South divide in the UK. Table of worldwide comparisons.
590 ## - LOCAL NOTE (RLIN)
Local note WB
650 ## - SUBJECT ADDED ENTRY--TOPICAL TERM
Topical term or geographic name entry element NORTH-SOUTH DIVIDE
650 ## - SUBJECT ADDED ENTRY--TOPICAL TERM
Topical term or geographic name entry element REGIONS
650 ## - SUBJECT ADDED ENTRY--TOPICAL TERM
Topical term or geographic name entry element COMPETITIVENESS
690 ## - LOCAL SUBJECT ADDED ENTRY--TOPICAL TERM (OCLC, RLIN)
Topical term or geographic name as entry element ECONOMIC ISSUES
942 ## - ADDED ENTRY ELEMENTS (KOHA)
Suppress in OPAC 0
Holdings
Withdrawn status Lost status Source of classification or shelving scheme Damaged status Not for loan Home library Current library Shelving location Date acquired Total Checkouts Full call number Barcode Date last seen Copy number Price effective from Koha item type
    Dewey Decimal Classification     London London News article 12/04/2000   WB3615-09 105320-1001 06/08/2019 1 06/08/2019 News article